| 000 | 00539cam a2200217 4500 | ||
|---|---|---|---|
| 001 | B2353 | ||
| 008 | 090401t1989 xxu||||| |||| 00| 0 eng d | ||
| 035 | _a(Sirsi) u49551 | ||
| 041 | _aeng | ||
| 050 | _a336.2424 | ||
| 110 |
_aBoard of Inland Revenue _91066 |
||
| 245 | _aCapital gains tax : owner-occupied houses | ||
| 250 | _aRevised ed. | ||
| 260 |
_aLondon _bBoard of Inland Revenue _c1989 |
||
| 300 | _a10p. ; 21x10cm. | ||
| 350 | _a0 | ||
| 490 |
_aCGT _v4 |
||
| 650 | _aOWNER-OCCUPATION | ||
| 942 | _n0 | ||
| 948 | _c04/03/1997 | ||
| 999 |
_c92575 _d92575 |
||